| 000 | 01684nam a2200325 i 4500 | ||
|---|---|---|---|
| 001 | 000040409 | ||
| 003 | DO-SdBNP | ||
| 005 | 20260321073643.0 | ||
| 007 | ta | ||
| 008 | 130823s2005 dr 000 0 spa d | ||
| 040 |
_aDO-SdBNP _bspa _cBNPHU _erda |
||
| 041 | _aspa | ||
| 082 | 4 |
_aRD863.5 _bB742L _222 |
|
| 100 | 1 |
_aLeón, Luis, de, _eautor _4aut. _943314 |
|
| 245 | 1 | 0 |
_aValores en los cuentos de Juan Bosch / _cLuis de León, prólogo, Alejandrina Germán. |
| 250 | _aPrimera edición | ||
| 264 | 4 |
_aSanto Domingo : _bEditora Mediabyte, _c©2005. |
|
| 300 |
_a122 páginas ; _c22 cm. |
||
| 336 |
_atexto _btxt _2rdacontent |
||
| 337 |
_asin mediación _bn _2rdamedia |
||
| 338 |
_avolumen _bnc _2rdacarrier |
||
| 505 | 0 |
_aPrólogo -- _tIntroducción -- _tHospitalidad, el recuerdo de lo bello y otros valores en los cuentos de ambiente extranjero -- _tValores en los cuentos de realismo mágico -- _tLa mancha indeleble, un cuento de ética política -- _tSolidaridad, dignidad, nobleza y otros valores en los cuentos de animales -- _tEl honor como valor en los cuentos criollos -- _tEl valor de la mujer y el amor del padre en los cuentos -- _tCuentos sobre gratitud y la amistad -- _tCuentos de perdón, coraje y libertad -- _tCuentos de navidad, un reflejo de amor y bondad -- _tAnexos : _tTres cuentos de Juan Bosch _tEl socio -- _tEl alzao -- _tLa desgracia. |
|
| 590 | _aInventariado, 2019/VM | ||
| 600 | 1 | 0 |
_a Bosch, Juan, _d1909-2001 _976555 |
| 650 | 4 |
_aCuentos dominicanos _9176 |
|
| 650 | 4 |
_aLiteratura dominicana _xCrítica e interpretación _9216 |
|
| 700 | 1 |
_aGermán, Alejandrina, _eprologuista _4pr. _912096 |
|
| 910 | _aValidado. Control de calidad MFF | ||
| 942 |
_2ddc _cLBS1 |
||
| 999 |
_c39899 _d39899 |
||